External relations of the EU: focus on the Alpine region

Guardado en:
Detalles Bibliográficos
Autor principal: Čiderová, Denisa, 1977-
Otros Autores: Kovačević, Dubravka
Formato: Capítulo de libro
Lenguaje:inglés
Materias:
Etiquetas: Agregar Etiqueta
Sin Etiquetas, Sea el primero en etiquetar este registro!

MARC

LEADER 00000naa$a2200000$$$4500
001 0220699
005 20240502083547.0
041 0 |a eng 
044 |a BG 
245 1 0 |a External relations of the EU: focus on the Alpine region  |c Denisa Čiderová, Dubravka Kovačević 
610 2 0 |a Európska únia 
610 2 0 |a geopolitika 
610 2 0 |a makroregióny 
100 1 |a Čiderová, Denisa, 1977- 
700 1 |a Kovačević, Dubravka